La radioactivité des roches / (Record no. 941)
[ view plain ]
| 000 -CABECERA | |
|---|---|
| campo de control de longitud fija | 00544cam a2200193 a 4500 |
| 001 - NÚMERO DE CONTROL | |
| campo de control | 000000952 |
| 005 - FECHA Y HORA DE LA ÚLTIMA TRANSACCIÓN | |
| campo de control | 20200929145442.0 |
| 008 - DATOS DE LONGITUD FIJA--INFORMACIÓN GENERAL | |
| campo de control de longitud fija | 840713t19641957fr a 000 0 fre |
| 040 ## - FUENTE DE LA CATALOGACIÓN | |
| Centro catalogador/agencia de origen | DO-SdBNP |
| Lengua de catalogación | spa |
| Centro/agencia transcriptor | BNPHU |
| 082 ## - NÚMERO DE LA CLASIFICACIÓN DECIMAL DEWEY | |
| Número de clasificación | 549.127 |
| Número de documento/Ítem | C785r |
| 100 1# - ENTRADA PRINCIPAL--NOMBRE DE PERSONA | |
| Nombre de persona | Coppens, René |
| 9 (RLIN) | 3340 |
| 245 13 - MENCIÓN DE TÍTULO | |
| Título | La radioactivité des roches / |
| Mención de responsabilidad, etc. | René Coppens. |
| 250 ## - MENCIÓN DE EDICIÓN | |
| Mención de edición | [2a ed.] |
| 260 ## - PUBLICACIÓN, DISTRIBUCIÓN, ETC. | |
| Lugar de publicación, distribución, etc. | Paris : |
| Nombre del editor, distribuidor, etc. | Presses universitaires de France, |
| Fecha de publicación, distribución, etc. | 1964. |
| 300 ## - DESCRIPCIÓN FÍSICA | |
| Extensión | 128 p. : |
| Otras características físicas | il. |
| 500 ## - NOTA GENERAL | |
| Nota general | 18 cm. |
| 650 #4 - PUNTO DE ACCESO ADICIONAL DE MATERIA--TÉRMINO DE MATERIA | |
| Término de materia o nombre geográfico como elemento de entrada | Radiactividad |
| 9 (RLIN) | 3341 |
| 650 #4 - PUNTO DE ACCESO ADICIONAL DE MATERIA--TÉRMINO DE MATERIA | |
| Término de materia o nombre geográfico como elemento de entrada | Geología de minas |
| 9 (RLIN) | 3342 |
| Estado de retiro | Estado de pérdida | Restricciones de uso | No para préstamo | Código de colección | Localización permanente | Ubicación/localización actual | Ubicación en estantería | Fecha de adquisición | Número de inventario | Total de préstamos | Signatura topográfica completa | Código de barras | Fecha visto por última vez | Precio válido a partir de | Tipo de ítem Koha |
|---|---|---|---|---|---|---|---|---|---|---|---|---|---|---|---|
| Préstamo en sala | Dominicana de Servicio | Biblioteca Nacional Pedro Henríquez Ureña | Biblioteca Nacional Pedro Henríquez Ureña | Depósito | 15.06.2009 | LF1 | 549.127 C785r | 952-10 | 25.06.2020 | 25.06.2020 | Libros y folletos |
